| 000 | 01028nac a22002891u 4500 | ||
|---|---|---|---|
| 003 | OSt | ||
| 005 | 20221016095304.0 | ||
| 008 | 221016s1999 vraa f b 001 0 eng d | ||
| 020 | _a1864700238 | ||
| 020 | _a9781864700237 | ||
| 040 |
_aEG-ScBUE _beng _erda _cEG-ScBUE _dEG-ScBUE |
||
| 082 | 0 | 4 |
_a720.92 _bTAI _222 |
| 245 | 0 | 0 |
_aTai Soo Kim partners : _bselected works. |
| 264 | 1 |
_aMulgrave, Victoria : _bImages Publishing Group, _c1999. |
|
| 300 |
_a248 pages : _bcolor illustrations ; _c31 cm. |
||
| 490 | 0 |
_aMaster architect series ; _x1320-7253 _vIV |
|
| 504 | _aIncludes bibliographical references and index. | ||
| 600 | 1 | 0 |
_aKim, Tai Soo, _d1936- _2BUEsh |
| 610 | 2 | 7 |
_aTai Soo Kim Partners _xCatalogs. _2BUEsh |
| 650 | 7 |
_aArchitects _zKorea (South) _y20th century _xCatalogs. _2BUEsh |
|
| 650 | 7 |
_aArchitecture, Modern _y20th century _xCatalogs. _2BUEsh |
|
| 650 | 7 |
_aArchitects _zUnited States _y20th century _xCatalogs. _2BUEsh |
|
| 653 | _bENGARC | ||
| 655 | _vReading book | ||
| 710 | _aImages Australia | ||
| 942 |
_cBB _2ddc |
||
| 999 |
_c3046 _d3046 |
||